| 000 | 00344nam a22001457a 4500 | ||
|---|---|---|---|
| 003 | SGT | ||
| 020 | _a9789393159151 | ||
| 082 |
_a518 _bJAI |
||
| 100 | _aJAIN , M K | ||
| 245 |
_aNUMERICAL METHODS _bFOR SCIENTIFIC & ENGINEERING COMPUTATION |
||
| 250 | _a8 | ||
| 260 |
_aDELHI _bNEW AGE PUBLICATION _c2022 |
||
| 300 | _a782 | ||
| 942 |
_2ddc _cBK _03 |
||
| 999 |
_c25207 _d25207 |
||